<?xml version="1.0" encoding="UTF-8"?>
<marc:record xmlns:marc="http://www.loc.gov/MARC21/slim">
   <marc:leader>00000nam a2200000 a 4500</marc:leader>
   <marc:datafield ind1="1" ind2=" " tag="100">
      <marc:subfield code="a">Till, Jochen</marc:subfield>
      <marc:subfield code="4">aut</marc:subfield>
      <marc:subfield code="e">Verfasser/-in</marc:subfield>
   </marc:datafield>
   <marc:datafield ind1="1" ind2=" " tag="100">
      <marc:subfield code="a">Frey, Raimund</marc:subfield>
   </marc:datafield>
   <marc:datafield ind1=" " ind2=" " tag="653">
      <marc:subfield code="a">Cornibus Luzifer junior Lilly Aaron Gustav Luzifer</marc:subfield>
   </marc:datafield>
   <marc:datafield ind1=" " ind2=" " tag="653">
      <marc:subfield code="a">Kinderbuch Kinderbücher Teufel Hölle</marc:subfield>
   </marc:datafield>
   <marc:datafield ind1=" " ind2=" " tag="653">
      <marc:subfield code="a">Witzige lustige amüsante Bücher Kinderbücher</marc:subfield>
   </marc:datafield>
   <marc:datafield ind1=" " ind2=" " tag="653">
      <marc:subfield code="a">Junge</marc:subfield>
   </marc:datafield>
   <marc:datafield ind1=" " ind2=" " tag="653">
      <marc:subfield code="a">Kinderbuch</marc:subfield>
   </marc:datafield>
   <marc:datafield ind1=" " ind2=" " tag="653">
      <marc:subfield code="a">Bücher wie Tom Gates</marc:subfield>
   </marc:datafield>
   <marc:datafield ind1=" " ind2=" " tag="653">
      <marc:subfield code="a">Lesemuffel</marc:subfield>
   </marc:datafield>
   <marc:datafield ind1=" " ind2=" " tag="653">
      <marc:subfield code="a">Bücher wie Gregs Tagebuch</marc:subfield>
   </marc:datafield>
   <marc:datafield ind1=" " ind2=" " tag="653">
      <marc:subfield code="a">Kinderbuch Kinderbücher ab zehn 10 Jahren Jahre Jä</marc:subfield>
   </marc:datafield>
   <marc:datafield ind1=" " ind2=" " tag="653">
      <marc:subfield code="a">Geschenk 10 Jahre Jahren Jährige Junge Jungen Jung</marc:subfield>
   </marc:datafield>
   <marc:datafield ind1=" " ind2=" " tag="653">
      <marc:subfield code="a">Teufel</marc:subfield>
   </marc:datafield>
   <marc:datafield ind1=" " ind2=" " tag="653">
      <marc:subfield code="a">Kinderbücher bis 11 Jahre</marc:subfield>
   </marc:datafield>
   <marc:datafield ind1=" " ind2=" " tag="653">
      <marc:subfield code="a">04: Kinder 10-11</marc:subfield>
   </marc:datafield>
   <marc:datafield ind1=" " ind2=" " tag="653">
      <marc:subfield code="a">Bücher wie Bitte nicht öffnen bissig</marc:subfield>
   </marc:datafield>
   <marc:datafield ind1=" " ind2=" " tag="653">
      <marc:subfield code="a">Jochen Till Bücher</marc:subfield>
   </marc:datafield>
   <marc:datafield ind1="0" ind2="0" tag="245">
      <marc:subfield code="a">Luzifer junior. Ein Geschenk der Hölle</marc:subfield>
   </marc:datafield>
   <marc:datafield ind1="0" ind2="0" tag="245">
      <marc:subfield code="c">Jochen Till ; mit Illustrationen von Raimund Frey</marc:subfield>
   </marc:datafield>
   <marc:datafield ind1=" " ind2="1" tag="264">
      <marc:subfield code="a">Bindlach</marc:subfield>
      <marc:subfield code="b">Loewe</marc:subfield>
      <marc:subfield code="c">2020</marc:subfield>
   </marc:datafield>
   <marc:datafield ind1="1" ind2=" " tag="490">
      <marc:subfield code="a">Luzifer junior</marc:subfield>
      <marc:subfield code="v">Band 8</marc:subfield>
   </marc:datafield>
   <marc:datafield ind1=" " ind2=" " tag="250">
      <marc:subfield code="a">1. Auflage</marc:subfield>
   </marc:datafield>
   <marc:datafield ind1="1" ind2=" " tag="520">
      <marc:subfield code="a">Loewe-Bücher: garantiert ohne KI ## ## ## ##Die Zwillinge Luzie und Lilly haben Geburtstag und in St. Fidibus ist alles bereit für die große Feier. Doch plötzlich gibt es äußerst beunruhigende Nachrichten  und die Geburtstagsgesellschaft findet sich in der Hölle wieder! Dort ist schnell Schluss mit lustig, denn Luzie, Lilly und ihre Freunde geraten in ein lebensbedrohliches Abenteuer. So hatte sich Luzie seine allererste Party ganz sicher nicht vorgestellt! ## ## ## ## Luzifer junior lebt als Sohn des Teufels in der Hölle und soll den Laden einmal übernehmen. Da sein Vater der Meinung ist, dass Junior für den Job noch viel zu lieb ist, schickt er ihn auf die Erde. Denn wo kann man das Bösesein besser lernen als bei den Menschen? ## ## ## ##Ein Teufel in der Schule  der Comic-Roman von Jochen Till um den Höllensohn Luzifer bietet Lesespaß und viel Grund zum lauthals lachen für Mädchen und Jungen ab 10 Jahren. Zahlreiche humorvolle Bilder von Raimund Frey illustrieren Luzifers Abenteuer in der Hölle und im strengen Jungeninternat. Wer Gregs Tagebuch mag, wird Luzifer junior lieben! ## ## ## ##Der Titel ist bei Antolin gelistet.</marc:subfield>
   </marc:datafield>
   <marc:datafield ind1=" " ind2=" " tag="020">
      <marc:subfield code="a">9783743204904</marc:subfield>
      <marc:subfield code="9">9783743204904</marc:subfield>
   </marc:datafield>
   <marc:datafield ind1=" " ind2=" " tag="041">
      <marc:subfield code="a">ger</marc:subfield>
   </marc:datafield>
   <marc:datafield ind1=" " ind2=" " tag="300">
      <marc:subfield code="a">213 Seiten, 6 ungezä</marc:subfield>
   </marc:datafield>
</marc:record>
